Score 0/79 Timer 04:00
0 Plays Today
% Correct
Monday
97.8%
Thursday
97.1%
Wednesday
97%
Tuesday
97%
Friday
96.9%
January
96.8%
Saturday
96.8%
Sunday
96.6%
February
96.3%
March
96.2%
April
96.2%
May
96%
July
95.7%
June
95.7%
August
95.7%
September
95.5%
December
95.3%
November
95.2%
Two
95%
One
94.9%
Three
94.9%
Five
94.9%
Four
94.8%
October
94.7%
Six
94.7%
Seven
94.7%
Eight
94.5%
Nine
94.5%
Ten
94.4%
Eleven
94.3%
Fifteen
94.2%
Thirteen
94.1%
Twelve
94.1%
Fourteen
94%
Q
92.2%
W
89.3%
R
89.2%
E
89.2%
T
89%
Y
88%
% Correct
P
86.8%
O
85.1%
U
84.6%
I
84.4%
Sports
80.3%
Peru
74.5%
Chile
74.1%
Music
73.7%
Geography
73%
Miscellaneous
71.4%
Entertainment
71.2%
History
71.1%
Just for Fun
71.1%
Movies
70.9%
Television
70.7%
Literature
70.5%
Science
70.3%
Gaming
70.3%
Language
70.2%
Jordan
66.8%
Grenada
57.5%
Ethiopia
55.8%
Australia
54.8%
Religion
53.6%
Holiday
53%
Massachusetts
49.2%
Afghanistan
47.9%
Bangladesh
47.8%
Liechtenstein
46.8%
Mississippi
44.4%
Pennsylvania
44%
Utah
39.6%
Colorado
37.7%
Turkmenistan
35.7%
Louisiana
35.4%
Idaho
34.5%
Alaska
33.5%
Vermont
33.4%
California
29.7%
Remove Ads.
Support Sporcle.
Get the best of Sporcle when you Go Orange. This ad-free experience offers more features, more stats, and more fun while also helping to support Sporcle. Thank you for becoming a member.

You're not logged in!

Compare scores with friends on all Sporcle quizzes.
OR
Log In

Show Comments

Extras

Top Quizzes Today


Score Distribution

Your Account Isn't Verified!

In order to create a playlist on Sporcle, you need to verify the email address you used during registration. Go to your Sporcle Settings to finish the process.

Report this User

Report this user for behavior that violates our Community Guidelines.

Details: